Surasundaree-Chariam (Record no. 1400547)

MARC details
000 -LEADER
fixed length control field 00762nam a2200313Ia 4500
008 - FIXED-LENGTH DATA ELEMENTS--GENERAL INFORMATION
fixed length control field 161027s9999||||xx |||||||||||||| ||und||
040 ## - CATALOGING SOURCE
Transcribing agency prakrut
082 ## - DEWEY DECIMAL CLASSIFICATION NUMBER
Classification number X.B
082 ## - DEWEY DECIMAL CLASSIFICATION NUMBER
Item number BORI-5133
100 ## - MAIN ENTRY--PERSONAL NAME
Personal name Shree Dhaneshwar Muneeshwar
245 ## - TITLE STATEMENT
Title Surasundaree-Chariam
245 ## - TITLE STATEMENT
Remainder of title Shree Raja Vijayaji
260 ## - PUBLICATION, DISTRIBUTION, ETC. (IMPRINT)
Place of publication, distribution, etc Banaras
260 ## - PUBLICATION, DISTRIBUTION, ETC. (IMPRINT)
Name of publisher, distributor, etc Pandit Hargovandas T. Sheth
260 ## - PUBLICATION, DISTRIBUTION, ETC. (IMPRINT)
Date of publication, distribution, etc 1916
300 ## - PHYSICAL DESCRIPTION
Extent 286
300 ## - PHYSICAL DESCRIPTION
Other physical details 1
300 ## - PHYSICAL DESCRIPTION
Dimensions B
300 ## - PHYSICAL DESCRIPTION
Accompanying material Hardbound
530 ## - ADDITIONAL PHYSICAL FORM AVAILABLE NOTE
Uniform Resource Identifier <a href="00034373.pdf">00034373.pdf</a>
563 ## - BINDING INFORMATION
Binding note Text
600 ## - SUBJECT ADDED ENTRY--PERSONAL NAME
Personal name Shree Dhaneshwar Muneeshwar
630 ## - SUBJECT ADDED ENTRY--UNIFORM TITLE
Uniform title Surasundaree-Chariam
650 ## - SUBJECT ADDED ENTRY--TOPICAL TERM
Topical term or geographic name as entry element Buddhism & Jainism
650 ## - SUBJECT ADDED ENTRY--TOPICAL TERM
Topical term or geographic name as entry element Jainism
700 ## - ADDED ENTRY--PERSONAL NAME
Personal name Shree Dhaneshwar Muneeshwar
730 ## - ADDED ENTRY--UNIFORM TITLE
Uniform title Surasundaree-Chariam
942 ## - ADDED ENTRY ELEMENTS (KOHA)
Koha item type Book
Holdings
Withdrawn status Lost status Damaged status Not for loan Home library Current library Date acquired Total Checkouts Full call number Barcode Date last seen Price effective from Koha item type
        Bhandarkar Oriental Research Institute, Pune Bhandarkar Oriental Research Institute, Pune 10/27/2016   BORI-5133 BORI-5133 10/27/2016 10/27/2016 Book